00597 a2200181 4500003000400000005001700004008004100021020001800062040000900080082001800089100002000107245005400127260003900181300000800220942004200228952012800270999001700398OSt20231216153230.0231216b |||||||| |||| 00| 0 eng d a9788181433541 coclc a891.43bHAR/H aHardayal910150 aHINDI KAHANI PARAMPRA AUR PRAGATI /cDr. Hardayal aNew Delhi:bVani Prakashan,c2017. a216 2ddccBKh891.43iHAR/Hk891.43mHAR/H 00102ddc40708LITaMESbMEScHINd2023-12-16l0o891.43 HAR/Hp43080r2023-12-16 15:33:20v450.00w2023-12-16yBKzGR6R3 c43446d43446